Las crisis en el multilateralismo y en los acuerdos regionales

Bibliographic Details
Main Author: Peą, Fľix
Format: eBook
Language:Spanish
Published: Bogot:̀ Ediciones Universidad Cooperativa de Colombia, 2017
Subjects:
Online Access:Acceso restringido

MARC

LEADER 00000nam a22000007a 4500
005 20191015232044.0
007 cr|||| ||||
008 191015s2017 co |||||s|||| 00||0 spa d
020 |a 978-958-760-091-9 
035 |a 30545 
040 |a vLex 
090 |c 9842  |d 9842 
100 1 |a Peą, Fľix 
245 1 3 |a Las crisis en el multilateralismo y en los acuerdos regionales  |h [Recurso electrn̤ico] /  |c Fľix Peą 
256 |a Servicio en ln̕ea 
260 |a Bogot:̀  |b Ediciones Universidad Cooperativa de Colombia,  |c 2017 
300 |a 1 recurso electrn̤ico 
506 1 |a Disponible solo en los productos indicados  |d vLex Global  |d vLex Global (Academic Edition, excluding Law Schools)  |d vLex Global (U.S. Academic Edition, Law Schools)  |d vLex Global (U.S. Academic Edition, excluding Law Schools)  |d vLex Global (Academic Edition, Law Schools) 
650 0 4 |a Derecho Internacional  |z Colombia 
740 0 |a vLex Libros (Servicio en ln̕ea) 
856 4 0 |u http://vlex.com/source/crisis-multilateralismo-acuerdos-regionales-30545  |z Acceso restringido 
942 |c BOOK 
999 0 |a International right